[Event "USA-ch Junior Girls 2018"]
[Site "Saint Louis"]
[Date "2018.07.12"]
[Round "1"]
[White "Yu, Jennifer"]
[Black "Feng, Maggie"]
[Result "1-0"]
[WhiteElo "2358"]
[BlackElo "2236"]
[Annotator "TA"]
[PlyCount "101"]
[EventDate "2018.07.12"]
[EventType "tourn"]
[EventCountry "USA"]
[SourceTitle "playchess.com"]
[Source "ChessBase"]
[SourceQuality "1"]

{[%evp 12,101,0,0,0,0,99,100,95,85,92,91,150,151,182,183,183,188,183,121,150,141,135,141,145,118,112,126,126,123,131,137,144,144,175,165,167,171,156,143,131,141,151,143,196,155,223,228,235,239,270,260,330,335,335,334,424,417,393,385,520,382,350,345,594,620,985,582,727,780,798,755,787,793,762,766,1747,1638,6017,5627,6195,6195,29989,29990,29990,29991,29991,29992,29992,29993,29993,29994]} 1. e4 e6 2. d4 d5 3. Nd2 Be7 4. e5 c5 5. Qg4 Kf8 6. Ndf3 {C03: French Tarrasch: Unusual Black 3rd moves} (6. dxc5 Nc6 7. Ngf3 Bxc5 8. Nb3 Be7 9. Bd3 h5 10. Qf4 Nh6 11. O-O Kg8 12. Re1 Nb4 13. Nbd4 Nxd3 14. cxd3 {1-0 (32) Short,N (2646)-Forcen Esteban,D (2565) Madrid 2016}) 6... Nc6 7. Bd3 {LiveBook: 10 Games} h5 8. Qf4 {The position is equal.} g5 (8... Nh6 $11 {remains equal.}) 9. Nxg5 $16 Bxg5 10. Qxg5 Qxg5 11. Bxg5 cxd4 $146 (11... c4 $142) ({Predecessor:} 11... Nxd4 12. Be3 f6 13. Bxd4 cxd4 {½-½ (38) Federovski,A (1947)-Lahav,M (2178) Tiberias 2016}) 12. f4 f6 13. exf6 Kf7 14. Nf3 Nxf6 {[%cal Bg8f6,Bf6g4,Bg4e3][%mdl 32]} 15. Bb5 ({White should play} 15. O-O-O $18) 15... Ng4 16. O-O Ne3 17. Rf2 Nf5 18. Bxc6 bxc6 19. Ne5+ Kg7 20. Nxc6 Bb7 21. Ne5 Rac8 22. Nf3 Rc6 23. h3 h4 24. Rd1 Rhc8 25. Nxd4 Nxd4 26. Rxd4 Rxc2 27. Rb4 R2c7 (27... Ba8 $16 {was called for.} 28. Bxh4 R2c4) 28. Bxh4 {And now f5 would win.} Rd7 (28... Ba6 $16 {keeps fighting.} 29. Rf3 Rc4 30. Rxc4 Rxc4) 29. Rd2 $18 Kg6 30. Bf2 Ba6 31. Bd4 Rb7 32. Rxb7 Bxb7 {[%mdl 4096] Endgame KRB-KRB} 33. g4 a6 34. Kh2 Rc1 35. h4 Bc8 36. Kg3 e5 37. h5+ ({But not} 37. Bxe5 Rg1+ 38. Kf2 Rxg4 $18) 37... Kh6 $2 {[#]} (37... Kh7 38. fxe5 Be6) 38. fxe5 Re1 39. Rd3 Re4 40. Be3+ Kg7 41. Bf4 d4 42. Rd1 Be6 43. b3 Kh7 44. g5 {[%cal Bg4g5,Bg5g6][%mdl 32]} Bd5 45. g6+ Kg7 46. Rc1 {[#] Threatening mate with Rc7+.} d3 47. Rc7+ {White mates.} Kf8 48. h6 {[%cal Bh5h6,Bh6h7][%mdl 32]} Re1 49. h7 Rg1+ 50. Kf2 Rg2+ 51. Ke3 {Precision: White = 91%, Black = 39%.} 1-0

[Event "USA-ch Junior Girls 2018"]
[Site "Saint Louis"]
[Date "2018.07.12"]
[Round "1"]
[White "Nguyen, Emily"]
[Black "Morris-Suzuki, Sophie"]
[Result "1-0"]
[WhiteElo "2215"]
[BlackElo "1980"]
[Annotator "TA"]
[PlyCount "93"]
[EventDate "2018.07.12"]
[EventType "tourn"]
[EventCountry "USA"]
[SourceTitle "playchess.com"]
[Source "ChessBase"]
[SourceQuality "1"]

{[%evp 16,93,28,0,28,24,17,20,58,15,27,22,22,14,16,15,25,9,81,86,97,100,100,93,237,177,503,500,488,442,1008,1005,848,1059,1042,1015,1251,1216,29983,1291,1238,1222,29988,29989,29984,816,779,773,884,884,853,853,946,920,901,885,1468,1164,1479,1468,1392,1389,29992,1207,1754,1675,29975,29978,29980,5173,5173,5165,4133,4133,2337,1313,29983,29984,29983,29983]} 1. d4 d5 2. c4 dxc4 3. Nf3 Nf6 4. e3 b5 5. a4 b4 6. Bxc4 {D25: Queen's Gambit Accepted: 4 e3: sidelines and 4...Bg4} e6 7. Nbd2 Be7 8. O-O O-O 9. Nb3 {LiveBook: 3 Games} a5 10. Ne5 Bb7 11. f3 Nbd7 12. Nxd7 Nxd7 13. e4 $146 c5 14. Be3 $36 {[%mdl 2048] White is pushing.} cxd4 $1 15. Bxd4 Qc7 16. Rc1 {Black should prevent Bb5.} Qf4 (16... Bg5 $11 {keeps the balance.}) 17. Qe2 Bf6 18. Be3 Qb8 19. Bb5 Ne5 (19... Rd8 $16) 20. Nc5 $18 {Black must now prevent f4.} g5 $2 (20... Bc8 {is more resistant.} 21. f4 Ng6) 21. f4 gxf4 22. Bxf4 Bd8 (22... Bc8 $142 23. Kh1 Qb6) 23. Nd7 Nxd7 24. Bxb8 Nxb8 25. Rf3 Na6 26. Rh3 Bf6 27. e5 (27. Qg4+ $142 Kh8 28. e5 $1 {[%mdl 512]} Bg7 29. Bd3 h6 30. Qg5 f5 31. Rxh6+ Kg8 32. Bxa6) 27... Bg7 28. Bd3 h6 29. Rg3 Kh8 {[#]} 30. Be4 (30. Rxg7 $142 $1 Kxg7 31. Qg4+ Kh8 32. Qh4 Kg8 33. Qxh6 Be4 34. Bxe4 f5 35. Qxe6+ Kg7 36. Bxa8) 30... Bxe4 31. Qxe4 Rac8 32. Rxc8 Rxc8 33. Rf3 Nc5 34. Qd4 Nxa4 35. Rxf7 Rc1+ 36. Rf1 Rc5 37. Qd8+ Kh7 38. Qd3+ Kg8 39. Qb3 (39. Qg6 $142 Rc7 40. Rd1 Rc1 41. Rxc1 Nc3 42. bxc3 Kf8 43. Rd1 Ke7 44. Qxg7+ Ke8 45. Qf6 bxc3 46. Rd8#) 39... Nxb2 40. Qxb2 Bxe5 41. Qf2 Rc7 42. Qf8+ (42. Qb6 $142 Kh8 43. Re1 Kg7 44. Rxe5 Rc1+ 45. Kf2 Rc2+ 46. Re2 Rxe2+ 47. Kxe2) 42... Kh7 43. Rf7+ Rxf7 44. Qxf7+ Bg7 45. Qxe6 a4 46. Qe4+ Kg8 47. Qxb4 {Precision: White = 66%, Black = 21%.} 1-0

[Event "USA-ch Junior Girls 2018"]
[Site "Saint Louis"]
[Date "2018.07.12"]
[Round "1"]
[White "Cervantes Landeiro, Thalia"]
[Black "Matus, Nastassja"]
[Result "1/2-1/2"]
[WhiteElo "2208"]
[BlackElo "1960"]
[Annotator "TA"]
[PlyCount "78"]
[EventDate "2018.07.12"]
[EventType "tourn"]
[EventCountry "USA"]
[SourceTitle "playchess.com"]
[Source "ChessBase"]
[SourceQuality "1"]

{[%evp 26,78,0,5,29,0,30,22,39,30,27,6,5,12,9,12,96,29,84,27,50,14,63,6,5,0,108,83,158,14,20,0,0,-12,0,-7,0,0,0,0,0,0,0,0,0,0,0,-14,0,0,0,-5,0,0,0]} 1. d4 d5 2. c4 dxc4 3. Nf3 Nf6 4. e3 e6 5. Bxc4 a6 6. O-O c5 7. Bb3 Nc6 8. Nc3 cxd4 9. exd4 Be7 10. Re1 O-O 11. Bf4 {D27: Queen's Gambit Accepted: Classical main line: 7 e4!? and 7 a4} Na5 (11... Nb4 12. Ne5 Nbd5 13. Bg3 Nxc3 14. bxc3 Bd7 15. c4 Rc8 16. Qd3 Nh5 17. Rad1 Nxg3 18. Qxg3 Qc7 {0-1 (45) Wojtaszek,R (2734)-Karjakin,S (2762) Berlin 2015}) 12. d5 Nxb3 13. Qxb3 exd5 14. Rad1 {[%cal Rc3d5] LiveBook: 9 Games} Bc5 15. Bg5 $146 {[%cal Rc3d5]} ({Predecessor:} 15. Be5 Bg4 16. Qxb7 Bxf3 17. gxf3 Re8 18. Nxd5 Nxd5 19. Qxd5 {½-½ (54) Benkovic,P (2463)-Moldovan,D (2444) Bucharest 2003}) 15... Qd6 16. Bxf6 Qxf6 17. Nxd5 Qh6 18. Qd3 Bg4 19. h3 Bxf3 20. Qxf3 Qg5 (20... Rfe8 $11 {keeps the balance.}) 21. Nc3 (21. Re4 $16) 21... Qg6 (21... b6 $11) 22. Rd7 (22. Qxb7 $16 Rab8 23. Qd5) 22... b5 23. Red1 h6 24. Ne4 (24. Nd5 $14) 24... Rac8 $11 25. a3 {Black must now prevent b4.} a5 (25... Rfe8 $11 26. Nxc5 Rxc5) 26. R7d5 Qb6 {[#]} (26... Be7 $142) 27. Qd3 ({Don't take} 27. Nxc5 $6 Rxc5 28. Qf5 Rfc8 $14) (27. Qf5 $1 $16 Be7 28. Rxb5) 27... b4 {The position is equal.} 28. axb4 Bxb4 29. Rd7 Qc6 30. b3 Rce8 (30... Qe6 {is more complex.} 31. Rd5 Rc6 32. Qd4 Re8 33. Ng3 Qf6) 31. Nd2 Qc3 32. Qxc3 Bxc3 33. Rd3 Bb4 34. Nc4 Re2 35. Ra1 Ra8 36. Rd5 Bc3 37. Rc1 Bb4 38. Ra1 Bc3 39. Rc1 Bb4 {Precision: White = 32%, Black = 36%.} 1/2-1/2

[Event "USA-ch Junior Girls 2018"]
[Site "Saint Louis"]
[Date "2018.07.12"]
[Round "1"]
[White "Wu, Rochelle"]
[Black "Yip, Carissa"]
[Result "0-1"]
[WhiteElo "2110"]
[BlackElo "2364"]
[Annotator "ChessBase"]
[PlyCount "48"]
[EventDate "2018.07.12"]
[EventType "tourn"]
[EventCountry "USA"]
[SourceTitle "playchess.com"]
[Source "ChessBase"]
[SourceQuality "1"]
[TimeControl "40/5400+30:1800+30"]

1. d4 {[%emt 0:00:00]} Nf6 {[%emt 0:00:00]} 2. c4 {[%emt 0:00:00]} g6 {[%emt 0:00:00]} 3. Nc3 {[%emt 0:00:00]} d5 {[%emt 0:00:00]} 4. Nf3 {[%emt 0:00:09]} Bg7 {[%emt 0:00:03]} 5. Bg5 {[%emt 0:00:13]} Ne4 {[%emt 0:00:20]} 6. cxd5 {[%emt 0:00:26]} Nxg5 {[%emt 0:00:16]} 7. Nxg5 {[%emt 0:00:07]} e6 {[%emt 0:00:02]} 8. Nf3 {[%emt 0:00:14]} exd5 {[%emt 0:00:04]} 9. b4 {[%emt 0:00:15]} O-O {[%emt 0:02:21]} 10. e3 {[%emt 0:00:11]} Be6 {[%emt 0:03:21]} 11. Qb3 {[%emt 0:02:55]} Nd7 {[%emt 0:01:54]} 12. a4 {[%emt 0:04:12]} Rc8 {[%emt 0:04:45]} 13. Bd3 {[%emt 0:04:03]} c5 {[%emt 0:12:20]} 14. Qa3 {[%emt 0:12:52]} cxd4 {[%emt 0:06:59]} 15. Nxd4 {[%emt 0:00:27]} Bxd4 {[%emt 0:02:55]} 16. exd4 {[%emt 0:00:26]} Qg5 {[%emt 0:00:07]} 17. g3 {[%emt 0:06:57]} Bh3 {[%emt 0:08:23]} 18. Ne2 {[%emt 0:04:52]} Rfe8 {[%emt 0:00:21]} 19. Qb2 {[%emt 0:03:20]} Qg4 {[%emt 0:03:46]} 20. Rg1 {[%emt 0:10:13]} Re7 {[%emt 0:01:18]} 21. Rd1 {[%emt 0:08:36]} Rce8 {[%emt 0:03:03]} 22. Rd2 {[%emt 0:03:54]} Nb6 {[%emt 0:04:35]} 23. Qb3 {[%emt 0:12:32]} Qf3 {[%emt 0:00:25]} 24. a5 {[%emt 0:02:19]} Rxe2+ {[%emt 0:00:17]} 0-1

[Event "USA-ch Junior Girls 2018"]
[Site "Saint Louis"]
[Date "2018.07.12"]
[Round "1"]
[White "Vittal, Sanjana"]
[Black "Samadashvili, Martha"]
[Result "1/2-1/2"]
[WhiteElo "1947"]
[BlackElo "2040"]
[Annotator "NA RC"]
[PlyCount "82"]
[EventDate "2018.07.12"]
[EventType "tourn"]
[EventCountry "USA"]
[SourceTitle "playchess.com"]
[Source "ChessBase"]
[SourceQuality "1"]
[TimeControl "40/5400+30:1800+30"]

{[%evp 26,82,0,-36,0,32767,32767,32767,7,0,85,68,78,-2,22,-14,32767,32767,32767,32767,32767,-20,0,-25,0,-44,-14,-16,0,-9,0,32767,32767,32767,32767,-165,-149,-144,-111,-150,-132,-115,-72,-31,0,-31,0,-45,0,0,0,-53,-30,-42,0,0,0,-46,0]} 1. e4 {[%emt 0:00:00]} c5 {[%emt 0:00:00]} 2. Nc3 {[%emt 0:00:00]} Nc6 {[%emt 0:00:00]} 3. Nf3 {[%emt 0:00:00]} e6 {[%emt 0:01:12]} 4. d4 {[%emt 0:00:02]} cxd4 {[%emt 0:00:04]} 5. Nxd4 {[%emt 0:00:04]} Qc7 {[%emt 0:00:05]} 6. Be3 {[%emt 0:00:04]} a6 {[%emt 0:00:04]} 7. f4 {[%emt 0:00:07]} d6 {[%emt 0:03:46]} 8. Qf3 {[%emt 0:00:49]} Nf6 {[%emt 0:03:45]} 9. O-O-O {[%emt 0:10:36]} Nxd4 {[%emt 0:10:12] B82: Sicilian Scheveningen: 6 f4} (9... Bd7 10. g4 h6 11. Rg1 Rc8 12. Kb1 b5 13. a3 Be7 14. Be2 Nxd4 15. Bxd4 e5 16. Be3 Bc6 17. g5 hxg5 18. fxg5 {1-0 (33) David,A (2574)-Brunello,S (2557) Rome 2016}) 10. Rxd4 {[%emt 0:00:56]} b5 {[%emt 0:12:52]} 11. Rd2 $146 {[%emt 0:12:46]} ({Predecessor:} 11. e5 Bb7 12. Qg3 dxe5 13. fxe5 Nd5 14. Nxb5 axb5 15. Bxb5+ Bc6 16. Rc4 Nb4 17. Qf3 {1-0 (65) Ashwin,J (2425)-Panagiotopoulos,A (2200) Paleochora 2009}) 11... Bb7 {[%emt 0:02:26]} 12. Bd3 {[%emt 0:00:46]} Qa5 {[%emt 0:06:21]} 13. Kb1 {[%emt 0:06:31]} Be7 {[%emt 0:03:30]} 14. g4 {[%emt 0:02:35]} Nd7 {[%emt 0:03:10]} 15. g5 {[%emt 0:17:34]} Rc8 {[%emt 0:23:28]} 16. Ne2 {[%emt 0:03:21]} Nc5 {[%emt 0:03:34]} 17. Nd4 {[%emt 0:05:01]} d5 {[%emt 0:07:16] [#]} (17... Qa4 $11) 18. e5 $1 {[%emt 0:02:11]} Ne4 {[%emt 0:00:30]} 19. Bxe4 {[%emt 0:01:19]} (19. Rdd1 $16) 19... dxe4 {[%emt 0:00:02]} 20. Qf2 {[%emt 0:02:05]} Bd5 {[%emt 0:04:42]} 21. Nb3 {[%emt 0:03:00]} Qc7 {[%emt 0:00:17]} 22. Rhd1 {[%emt 0:04:06]} g6 {[%emt 0:03:09]} 23. Bb6 {[%emt 0:08:16]} Qb8 {[%emt 0:01:08]} 24. Qe3 {[%emt 0:04:46]} Qa8 {[%emt 0:03:01]} 25. Nd4 {[%emt 0:08:02]} Qb7 {[%emt 0:02:05]} 26. Nb3 {[%emt 0:00:18]} Qa8 {[%emt 0:00:32]} 27. Nd4 {[%emt 0:00:08]} Qb7 {[%emt 0:00:04]} 28. Nb3 {[%emt 0:00:04]} Rc6 {[%emt 0:02:49]} 29. Bd4 {[%emt 0:01:04]} Qc7 {[%emt 0:00:29]} 30. Bc3 $2 {[%emt 0:02:12] [#]} (30. h4 $11) 30... b4 $1 {[%emt 0:00:46]} 31. Bd4 {[%emt 0:00:26]} O-O {[%emt 0:00:56]} 32. Qf2 {[%emt 0:01:22]} (32. Qe2 $142) 32... Rc8 {[%emt 0:00:13]} 33. Be3 {[%emt 0:00:31]} Qb8 {[%emt 0:02:00]} (33... a5 $19 {has better winning chances.} 34. Nd4 Ra6) 34. h4 $1 {[%emt 0:00:54] [#]} Bf8 {[%emt 0:00:22]} (34... a5 $1 $17) 35. Qe2 {[%emt 0:01:04]} Qa8 {[%emt 0:00:51]} (35... a5 $5) 36. h5 {[%emt 0:00:30]} R6c7 {[%emt 0:00:17]} 37. hxg6 {[%emt 0:00:27]} fxg6 {[%emt 0:00:25]} 38. Nd4 {[%emt 0:01:46]} Bc5 {[%emt 0:00:26]} 39. Nb3 {[%emt 0:01:07]} Bf8 {[%emt 0:00:19]} 40. Nd4 {[%emt 0:00:00]} Bc5 {[%emt 0:00:00]} 41. Nb3 {[%emt 0:03:42]} Bf8 $11 {[%emt 0:07:37]} 1/2-1/2

[Event "USA-ch Junior Girls 2018"]
[Site "Saint Louis"]
[Date "2018.07.13"]
[Round "2"]
[White "Yip, Carissa"]
[Black "Vittal, Sanjana"]
[Result "1-0"]
[WhiteElo "2364"]
[BlackElo "1947"]
[Annotator "TA"]
[PlyCount "79"]
[EventDate "2018.07.12"]
[EventType "tourn"]
[EventCountry "USA"]
[SourceTitle "playchess.com"]
[Source "ChessBase"]
[SourceQuality "1"]

{[%evp 22,79,41,30,75,72,82,39,56,59,80,80,74,29,20,14,56,60,81,76,88,79,47,43,111,17,173,151,443,456,488,486,480,459,547,520,627,531,691,698,690,695,693,681,683,672,796,790,933,933,933,933,925,925,925,915,915,827,1818,1594]} 1. Nf3 d5 2. g3 Bg4 3. Bg2 Nd7 4. c4 e6 5. O-O Bd6 6. Nc3 c6 7. cxd5 exd5 8. d3 Ngf6 9. Qc2 O-O 10. h3 {A11: English Opening: 1...c6} (10. e4 Re8 11. h3 Bxf3 12. Bxf3 dxe4 13. dxe4 Qe7 14. Bg2 Bc5 15. Kh2 Bd4 16. Bf4 Qc5 17. Rad1 Rad8 {1-0 (42) Rapport,R (2720)-Gretarsson,H (2572) Reykjavik 2016}) 10... Bh5 11. e4 dxe4 12. dxe4 {LiveBook: 5 Games. White is slightly better.} Qe7 13. Nh4 $1 Bg6 14. Be3 $146 Bc5 15. Rae1 Bxe3 16. Rxe3 Qc5 17. Rfe1 Nd5 {[%cal Bf6d5,Bd5b4,Bb4d3][%mdl 32]} 18. R3e2 {[%cal Rc3d5]} Nb4 19. Qb1 Ne5 20. a3 $1 {[%cal Ra3b4]} Nbd3 21. Rd1 Rad8 22. Red2 $36 {[%cal Rd2d3][%mdl 2048] [#] White has good play.} Qb6 (22... Nxf2 $1 $14 {[%mdl 512]} 23. Rxf2 Qe3) 23. b4 {[#]} ({White should try} 23. Qc2 $16) 23... Qd4 $2 (23... Nxf2 $1 $11 {[%mdl 512] and Black has nothing to worry.} 24. Rxf2 Qe3) 24. Na4 {Nc5! is the strong threat.} ({Weaker is} 24. Nf3 Qxc3 25. Nxe5 Qxe5 $11) 24... f5 $2 (24... Bxe4 $16 25. Bxe4 Qxe4) 25. Nxf5 $18 {White is clearly winning.} Bxf5 26. exf5 Rxf5 27. Qa2+ Kh8 {[#] With the idea ...Rdf8.} 28. Nc5 $1 {[%mdl 512]} Qc3 (28... Nxc5 29. Rxd4) 29. Qb1 Qd4 {[%cal Rf5f2]} 30. Nxd3 Nxd3 31. Qxd3 Qxd3 32. Rxd3 Rxd3 33. Rxd3 {[%mdl 4096] Endgame White wants to mate with Rd8+. KRB-KR} Kg8 34. Rd8+ Rf8 35. Rxf8+ Kxf8 36. Kf1 Ke7 37. Ke2 Kd6 38. Kd3 b6 39. Kc4 g6 40. h4 {Precision: White = 79%, Black = 18%.} 1-0

[Event "USA-ch Junior Girls 2018"]
[Site "Saint Louis"]
[Date "2018.07.13"]
[Round "2"]
[White "Yu, Jennifer"]
[Black "Wu, Rochelle"]
[Result "0-1"]
[WhiteElo "2358"]
[BlackElo "2110"]
[Annotator "TA"]
[PlyCount "124"]
[EventDate "2018.07.12"]
[EventType "tourn"]
[EventCountry "USA"]
[SourceTitle "playchess.com"]
[Source "ChessBase"]
[SourceQuality "1"]

{[%evp 24,124,12,7,7,0,14,26,29,0,43,47,58,45,132,114,106,43,58,3,13,0,81,81,119,119,119,112,112,113,119,65,121,90,110,81,123,123,104,41,123,123,122,87,86,-13,-13,-13,-16,-87,-71,-71,222,-477,-520,-518,-478,-605,-606,-791,-789,-763,-722,-657,-636,-797,-751,-1022,-1055,-985,-878,-1021,-872,-1140,-1135,-1023,-997,-1152,-1122,-2074,-2042,-2210,-2099,-2110,-1928,-2870,-4520,-6523,-6134,-4134,-29969,-29972,-29973,-8311,-7144,-5595,-6008,-2412,-994,-29977,-29978,-29980,-29980]} 1. d4 d5 2. c4 c6 3. Nf3 Nf6 4. e3 Bf5 5. Nc3 e6 6. Nh4 Be4 7. f3 Bg6 8. Qb3 Qc7 9. Bd2 {D12: Slav Defence: 3 Nf3 Nf6 4 e3 Bf5} Be7 10. cxd5 (10. g3 Nbd7 11. cxd5 exd5 12. O-O-O a5 13. Nxg6 hxg6 14. Qc2 a4 15. e4 a3 16. e5 axb2+ {0-1 (59) Le,Q (2737)-Mamedov,R (2709) Huaian 2017}) 10... cxd5 11. Nxg6 hxg6 12. O-O-O Nc6 13. Kb1 {LiveBook: 49 Games} a6 14. Rc1 Na5 15. Qa4+ Nc6 16. h4 O-O $146 ({Predecessor:} 16... Nd7) 17. g4 b5 18. Qd1 Qb6 (18... Qb7 $14) 19. f4 $16 Bb4 20. g5 (20. h5 $16) 20... Bxc3 21. Bxc3 (21. gxf6 $14 Bxd2 22. Qxd2) 21... Ne4 $11 22. Be1 Ne7 (22... Rfc8 $11) 23. Bb4 $16 Rfe8 24. Bxe7 Rxe7 25. Rh2 $1 {[%cal Bh1h2,Bh2c2,Bc2c5][%mdl 32]} Rc7 26. Rxc7 $1 Qxc7 27. Bd3 (27. h5 $1 $16) 27... Ng3 (27... Rc8 $14) 28. Rc2 Qa5 29. Rc5 Rb8 30. Qc1 Qd8 31. Qg1 (31. Rc7 $16) 31... Nh5 ({Better is} 31... Nf5 $14) 32. Be2 Qa5 33. Bxh5 gxh5 {[%mdl 4096] Endgame KQR-KQR} 34. g6 ({White should try} 34. Qd1 $16) 34... fxg6 $11 35. Rc3 Kh7 36. Qg5 (36. f5 $1 $11 gxf5 37. Qg5) 36... b4 37. Rc5 Rb5 $2 {[%mdl 8192] [#]} (37... Qb6 $17 {and life is bright.}) 38. Qe7 $4 {[%mdl 8192]} (38. f5 $1 $18 {[%cal Rf5g6][%mdl 512] is the narrow road to win.} exf5 39. Rc6) 38... b3 $19 39. axb3 Qe1+ 40. Rc1 Qxe3 41. Qd8 Qd3+ 42. Rc2 Rxb3 43. Qc8 Rb4 44. Qxe6 Rxd4 45. Qe2 Qxe2 46. Rxe2 Rxf4 {KR-KR} 47. Rh2 a5 {[%cal Ba6a5,Ba5a4][%mdl 32]} 48. Kc2 a4 49. Kd3 Kh6 50. Ke3 Rb4 51. Kf3 g5 52. hxg5+ Kxg5 {( -> ...Rb3+)} 53. Rd2 Kh6 54. Rxd5 Rxb2 55. Ra5 Rb3+ 56. Kf4 a3 57. Kf5 g6+ {[%cal Bg7g6,Bg6g5][%mdl 32]} 58. Kf4 {[#]} g5+ $1 59. Kf5 (59. Rxg5 Rb4+) 59... Rf3+ 60. Ke4 Rf4+ 61. Ke5 h4 62. Rxa3 Kh5 {Precision: White = 34%, Black = 51%.} 0-1

[Event "USA-ch Junior Girls 2018"]
[Site "Saint Louis"]
[Date "2018.07.13"]
[Round "2"]
[White "Feng, Maggie"]
[Black "Matus, Nastassja"]
[Result "1-0"]
[WhiteElo "2236"]
[BlackElo "1960"]
[Annotator "TA"]
[PlyCount "119"]
[EventDate "2018.07.12"]
[EventType "tourn"]
[EventCountry "USA"]
[SourceTitle "playchess.com"]
[Source "ChessBase"]
[SourceQuality "1"]

{[%evp 21,119,-7,0,0,18,8,56,65,43,47,65,62,99,117,104,117,110,103,108,105,91,104,132,107,145,149,118,77,89,75,116,101,192,191,188,197,202,168,215,94,88,0,187,175,177,163,162,147,183,168,238,225,270,266,254,258,401,392,388,0,307,281,456,342,503,453,593,590,654,598,585,563,456,315,305,293,557,333,508,501,522,587,729,697,29982,29983,29993,29990,29994,29984,29984,29985,29994,29995,29997,29994,29994,29991,29991,29992]} 1. Nf3 d5 2. g3 Nf6 3. Bg2 g6 4. b3 {[%cal Bb2b3,Bb3b4][%mdl 32]} Bg7 5. Bb2 c5 6. c4 d4 7. b4 Nfd7 8. bxc5 Nc6 9. O-O O-O 10. d3 Nxc5 11. Nbd2 {[%cal Bb1d2,Bd2e4,Be4d6][%mdl 32]} Re8 {LiveBook: 7 Games} 12. Rb1 {A05: Réti Opening: 1 Nf3 Nf6} e5 13. Ba3 $146 ({Predecessor:} 13. Ne1 Qc7 14. Ba3 Qa5 15. Bxc5 Qxc5 16. Rb5 Qe7 17. Qb1 Qc7 18. Nc2 Rb8 19. c5 Be6 {1-0 (29) Brunello,S (2553)-Hansen,M (2347) Katowice 2017}) 13... Qa5 14. Bxc5 $1 {White is slightly better.} Qxc5 15. Ne4 Qe7 16. c5 $1 Be6 17. Nd6 $36 {[%mdl 2048] White is on the roll.} Reb8 {[#]} 18. Nd2 $1 Qc7 19. Qa4 Bf8 20. Rxb7 Rxb7 21. Nxb7 ({Don't play} 21. Bxc6 Rb2 $15) ({But not} 21. Qxc6 $6 Qxc6 22. Bxc6 Rb2 $15) 21... Bd7 22. Nd6 Bxd6 23. cxd6 Qxd6 24. Rc1 Rc8 25. Qa6 Qe6 26. Nb3 {Threatens to win with Nc5.} Nb4 (26... Ne7 $16 27. Qxa7 Rxc1+ 28. Nxc1 Qd6) 27. Rxc8+ $18 ({Resist} 27. Qxa7 $6 Rxc1+ 28. Nxc1 Qe8 $16) 27... Bxc8 28. Qxa7 Kg7 29. Qa5 Na6 30. Qd2 (30. Bd5 $18 {and White stays clearly on top.} Qg4 31. Qb6) 30... Qd6 $16 31. Qa5 (31. Bf3 $16) 31... Be6 $2 {[#]} (31... Qe6 $1 $11 {and Black is okay.}) 32. Nd2 $1 $18 {[%cal Rd2e4] Ne4 is the strong threat.} Nc5 33. Ne4 Nxe4 34. Bxe4 Qb8 35. Kg2 Kf6 (35... Bg4 $142) 36. Bd5 Qd6 37. Bxe6 Kxe6 {[%mdl 4096] Endgame KQ-KQ} 38. Qa8 f5 (38... Qc7 $142 39. a4 Ke7) 39. Qg8+ Kf6 40. Qa8 Ke6 $1 41. Qb7 h5 $2 (41... h6 {keeps fighting.} 42. Qg7 Kd5 43. Qxh6 Qc6) 42. f3 {[%cal Bf2f3,Bf3f4][%mdl 32]} Kf6 (42... Qd8 {was worth a try.} 43. a4 Qd7 44. Qa6+ Qd6 45. Qc8+ Qd7 46. Qg8+ Kf6) 43. a4 {[%cal Ba2a4,Ba4a5,Ba5a6][%mdl 32]} Qc5 44. Qa6+ Kg7 45. Qb5 Qe7 46. a5 {And now a6 would win.} e4 47. f4 {Strongly threatening Qe5+.} exd3 48. Qxd3 {aiming for a6.} Qb7+ $2 (48... Qb4 49. Qa6 d3) 49. Kf2 Qa7 (49... Qb4 $142 50. a6 Qa4) 50. a6 Kh6 51. Kg2 Qa8+ 52. Kh3 Qh1 53. Qxd4 {[%cal Rd4h8] White mates.} Qf1+ 54. Kh4 {[%cal Rd4h8]} Kh7 55. Qd7+ Kh6 56. Qe8 {[%cal Re8h8]} Kg7 57. Kg5 Qh3 58. Qxg6+ Kf8 59. Qxf5+ Qxf5+ 60. Kxf5 {Precision: White = 70%, Black = 26%.} 1-0